| 000 | 00754cab a2200241 4500 | ||
|---|---|---|---|
| 001 | ABS53131 | ||
| 008 | 090401t1995 xxu||||| |||| 00| 0 eng d | ||
| 035 | _a(Sirsi) u2296 | ||
| 041 | _aeng | ||
| 100 | _aMabey, D. | ||
| 245 | _aBusiness rates: phasing, pain or relief? | ||
| 260 | _c1995 | ||
| 350 | _a0 | ||
| 490 |
_aEstates Gazette _v(9524) 17 June 1995, 137-39(3) |
||
| 520 | _aExplains the mechanics of the phasing regulations or transitional arrangements for the 1995 rating revaluation, particularly for properties in local lists. | ||
| 650 | _aBUSINESS RATES | ||
| 650 | _aPHASING | ||
| 650 | _aRATING REVALUATION 1995 | ||
| 650 | _aTRANSITIONAL ARRANGEMENTS | ||
| 690 | _aRATING AND VALUATION | ||
| 942 | _n0 | ||
| 948 | _c04/03/1997 | ||
| 999 |
_c1388 _d1388 |
||